[Event "Najdorf Mem Open A"]
[Site "Warsaw POL"]
[Date "2010.07.23"]
[Round "7"]
[White "Petrov,Marij"]
[Black "Laurusas,T"]
[Result "1-0"]
[WhiteElo "2535"]
[BlackElo "2233"]
[EventDate "2010.07.17"]

1. e4 c6 2. d4 d5 3. Nc3 dxe4 4. Nxe4 Bf5 5. Ng3 Bg6 6. Nf3 Nd7 7. h4 h6 8.
Bd3 Bxd3 9. Qxd3 e6 10. Bf4 Qa5+ 11. Bd2 Qc7 12. O-O-O Ngf6 13. Qe2 O-O-O
14. Ne5 Nb6 15. Ba5 Rd5 16. Bxb6 axb6 17. c4 Ra5 18. Kb1 Bd6 19. f4 h5 20.
Nf1 Rd8 21. Nd2 g6 22. Ndf3 Ng8 23. Ng5 Bxe5 24. dxe5 Nh6 25. Rxd8+ Kxd8
26. Rd1+ Ke7 27. Ne4 Ra8 28. Qd2 Rd8 29. Qxd8+ Qxd8 30. Rxd8 Kxd8 31. Kc2
Nf5 32. g3 Kc7 33. b4 c5 34. b5 Kd7 35. Kd3 Kd8 36. a4 Kc7 37. Ke2 Nd4+ 38.
Kf2 Nf5 39. Ng5 Nh6 40. Ke2 Kc8 41. Kd3 Kc7 42. Kc3 Kc8 43. Kb3 Kc7 44. Ka3
Kd7 45. Ne4 Nf5 46. a5 bxa5 47. Nxc5+ Kc7 48. Ne4 b6 49. Ka4 Kd7 50. c5 Kc7
51. Nd6 Nxg3 52. cxb6+ Kxb6 53. Nc4+ Kb7 54. Kxa5 Ne2 55. Nd6+ Kb8 56. Nxf7
Nxf4 57. Kb6 Ng2 58. Nd8 Kc8 59. Nxe6 Nxh4 60. Ka7 Nf3 61. b6 Nxe5 62. b7+
Kd7 63. Nd4 1-0

[Event "Najdorf Mem Open A"]
[Site "Warsaw POL"]
[Date "2010.07.23"]
[Round "7"]
[White "Bernasek,J"]
[Black "Weichhold,P"]
[Result "1/2-1/2"]
[WhiteElo "2514"]
[BlackElo "2190"]
[EventDate "2010.07.17"]

1. d4 Nf6 2. c4 g6 3. Nc3 Bg7 4. e4 d6 5. Nge2 O-O 6. Ng3 e5 7. d5 a5 8.
Be2 Na6 9. h4 c6 10. h5 cxd5 11. cxd5 Nc5 12. Be3 Qb6 13. Rb1 a4 14. b4
axb3 15. axb3 Qd8 16. b4 Ncd7 17. Qd2 Ne8 18. hxg6 fxg6 19. Nf1 Ndf6 20.
Bg5 Qb6 21. Be3 Qd8 22. Qd1 Bd7 23. Nd2 Rf7 24. Rc1 Bf8 25. Nc4 b5 26. Na5
Rxa5 27. bxa5 Qxa5 28. O-O b4 29. Ra1 Qd8 30. Na2 Nxe4 31. Qb1 Qh4 32. Qxb4
N8f6 33. Nc3 Bf5 34. Bf3 g5 35. Nxe4 Bxe4 36. Bxe4 Ng4 37. Rfc1 Qh2+ 38.
Kf1 Nxe3+ 39. Ke2 Nxg2 40. Qb6 Nf4+ 41. Kd2 Nh3 42. Kc3 Nxf2 43. Bc2 e4 44.
Ra7 Qe5+ 45. Kc4 Rxa7 46. Qxa7 Qb2 47. Qxf2 Qxc1 48. Kd4 Qa1+ 49. Kxe4 Qe5+
50. Kf3 Qf4+ 51. Kg2 Qxf2+ 52. Kxf2 Kg7 53. Bd1 Kf6 54. Kg3 Ke5 55. Bc2 Be7
56. Kg4 Bd8 57. Bb3 Ke4 58. Bc4 Kd4 59. Ba2 h6 60. Bb3 Ke4 61. Bc4 Ba5 62.
Bb3 Kd4 63. Ba2 Bd2 64. Bb3 Ke4 65. Bc4 h5+ 66. Kxh5 Kf3 67. Bb3 1/2-1/2

[Event "Najdorf Mem Open A"]
[Site "Warsaw POL"]
[Date "2010.07.23"]
[Round "7"]
[White "Valsecchi,A"]
[Black "Hammer,J"]
[Result "1/2-1/2"]
[WhiteElo "2360"]
[BlackElo "2636"]
[EventDate "2010.07.17"]

1. e4 e5 2. f4 exf4 3. Bc4 Nf6 4. Nc3 c6 5. Bb3 d5 6. exd5 Bg4 7. Nf3 cxd5
8. d4 Nc6 9. Bxf4 Be7 10. Qd3 O-O 11. Ne5 Be6 12. O-O-O Rc8 13. g4 Qa5 14.
Nxc6 Rxc6 15. Bd2 Bb4 16. g5 Ne4 17. Nxe4 dxe4 18. Bxb4 Qxb4 19. Qxe4 Bxb3
20. axb3 Qxb3 21. d5 Rc5 22. Kb1 Qb5 23. Rhe1 Rcc8 24. h4 Rfe8 25. Qd4 Re2
26. d6 Rcxc2 27. Rxe2 Qxe2 28. Rc1 Rxc1+ 29. Kxc1 Qf1+ 30. Kd2 Qg2+ 31. Kc3
Qc6+ 32. Kb4 Qd7 33. h5 h6 34. gxh6 gxh6 35. Qe5 Qc6 36. Qd4 Qd7 37. Ka3 a5
38. Qe5 b5 39. Qe7 Qg4 40. Qe8+ Kg7 41. Qe5+ Kg8 42. Qe8+ 1/2-1/2

[Event "Najdorf Mem Open A"]
[Site "Warsaw POL"]
[Date "2010.07.23"]
[Round "7"]
[White "Bentivegna,F"]
[Black "Burg,T"]
[Result "1-0"]
[WhiteElo "2340"]
[BlackElo "2449"]
[EventDate "2010.07.17"]

1. e4 c5 2. c3 d5 3. exd5 Qxd5 4. d4 Nf6 5. Nf3 Bg4 6. Nbd2 e6 7. Qa4+ Nbd7
8. Bc4 Qd6 9. Bb5 cxd4 10. O-O a6 11. Nc4 Qc7 12. Nfe5 Be2 13. Nxd7 Nxd7
14. Bf4 axb5 15. Qxa8+ Qd8 16. Qxb7 Bxc4 17. Rfd1 Bd5 18. Qxb5 Qf6 19. Bg3
Bc5 20. b4 Bb6 21. c4 h5 22. cxd5 h4 23. Bd6 h3 24. Rac1 Bd8 25. Rc8 e5 26.
Bc7 O-O 27. Qxd7 1-0

[Event "Najdorf Mem Open A"]
[Site "Warsaw POL"]
[Date "2010.07.23"]
[Round "7"]
[White "Krysztofiak,M"]
[Black "Rej,T"]
[Result "1-0"]
[WhiteElo "2436"]
[BlackElo "2334"]
[EventDate "2010.07.17"]

1. g3 d5 2. Bg2 Nf6 3. d3 c5 4. Nf3 g6 5. O-O Bg7 6. Nbd2 O-O 7. e4 Nc6 8.
Re1 e5 9. exd5 Nxd5 10. c3 Re8 11. Qb3 Nb6 12. Ne4 Be6 13. c4 Qe7 14. Be3
Nd4 15. Nxd4 cxd4 16. Bd2 Rad8 17. Bb4 Qc7 18. Qa3 Nc8 19. Nc5 b6 20. Na6
Qd7 21. Nb8 Qc7 22. Na6 Qd7 23. c5 Ne7 24. Rac1 Bd5 25. cxb6 Bxg2 26. Kxg2
Nd5 27. Nc7 axb6 28. Nxe8 Rxe8 29. Bd2 f5 30. Qb3 f4 31. Bxf4 Qf7 32. Rc6
Kh8 33. Rd6 Nxf4+ 34. gxf4 Qxf4 35. Re4 Qd2 36. Rd7 Qg5+ 37. Kf1 Rc8 38.
Qf7 Rc1+ 39. Re1 Rxe1+ 40. Kxe1 Qc1+ 41. Ke2 Qc2+ 42. Kf3 Qd1+ 43. Ke4 Qh1+
44. f3 Qe1+ 45. Kd5 Qa5+ 46. Ke6 Qxa2+ 47. Ke7 1-0

[Event "Najdorf Mem Open A"]
[Site "Warsaw POL"]
[Date "2010.07.23"]
[Round "7"]
[White "Janczarski,M"]
[Black "Staniszewski,Pi"]
[Result "1/2-1/2"]
[WhiteElo "2285"]
[BlackElo "2389"]
[EventDate "2010.07.17"]

1. c4 e5 2. g3 d5 3. cxd5 Qxd5 4. Nf3 Bb4 5. Nc3 Bxc3 6. dxc3 Qxd1+ 7. Kxd1
Nc6 8. Bg2 Nf6 9. Bg5 Ng4 10. Ke1 h6 11. h3 hxg5 12. hxg4 Rxh1+ 13. Bxh1 f6
14. Nh2 Bd7 15. Be4 O-O-O 16. Bf5 Rh8 17. Nf1 g6 18. Bxd7+ Kxd7 19. Rd1+
Ke6 20. e4 1/2-1/2

[Event "Najdorf Mem Open A"]
[Site "Warsaw POL"]
[Date "2010.07.23"]
[Round "7"]
[White "Van Assendelft,F"]
[Black "Matuszewski,M"]
[Result "1-0"]
[WhiteElo "2374"]
[BlackElo "2317"]
[EventDate "2010.07.17"]

1. e4 c5 2. Nf3 d6 3. d4 cxd4 4. Nxd4 Nf6 5. Nc3 a6 6. Bg5 e6 7. f4 Be7 8.
Qf3 h6 9. Bh4 Qc7 10. O-O-O Nbd7 11. Be2 Rb8 12. Qg3 O-O 13. Bf3 Nb6 14. e5
Ne8 15. Bxe7 Qxe7 16. Ne4 Nc4 17. Be2 d5 18. Bxc4 dxe4 19. f5 exf5 20. e6
Nd6 21. exf7+ Kh7 22. Nc6 bxc6 23. Qxd6 Qxd6 24. Rxd6 c5 25. Rhd1 f4 26.
Rd8 Bg4 27. Rxb8 Rxb8 28. Rd5 f3 29. gxf3 exf3 30. Re5 Bd7 31. Kd2 Rf8 32.
Ke3 Bb5 33. Bd5 g6 34. c4 Bd7 35. Kxf3 Kg7 36. Re7 Bf5 37. Ra7 g5 38. Rxa6
Bg6 39. Rb6 Rc8 40. a4 Bh5+ 41. Ke3 Rc7 42. Rb7 1-0

[Event "Najdorf Mem Open A"]
[Site "Warsaw POL"]
[Date "2010.07.23"]
[Round "7"]
[White "Zozulia,A"]
[Black "Warakomski,T"]
[Result "1-0"]
[WhiteElo "2340"]
[BlackElo "2495"]
[EventDate "2010.07.17"]

1. e4 c5 2. Nf3 e6 3. d4 cxd4 4. Nxd4 a6 5. Bd3 Bc5 6. Nb3 Be7 7. O-O Nc6
8. Nc3 Nf6 9. f4 d6 10. Kh1 b5 11. a3 Qc7 12. Qf3 Bb7 13. Bd2 h5 14. Rae1
h4 15. Qh3 Nh5 16. Nd5 exd5 17. exd5 Bc8 18. Qe3 h3 19. dxc6 hxg2+ 20. Kxg2
Nf6 21. Kg1 Ng4 22. Qxe7+ Qxe7 23. Rxe7+ Kxe7 24. Re1+ Be6 25. f5 Ne5 26.
Rxe5 dxe5 27. Bb4+ Kf6 28. fxe6 Kxe6 29. Nc5+ Kd6 30. Be4 a5 31. Nb7+ Kc7
32. Bd6+ Kb6 33. Bxe5 Rae8 34. Bd4+ Kc7 35. Bf3 Re1+ 36. Kg2 Rc1 37. Be5+
Kb6 38. Be4 Re8 39. c7 f5 40. Bd5 1-0

[Event "Najdorf Mem Open A"]
[Site "Warsaw POL"]
[Date "2010.07.23"]
[Round "7"]
[White "Cernousek,L"]
[Black "Stoma,P"]
[Result "1-0"]
[WhiteElo "2412"]
[BlackElo "2302"]
[EventDate "2010.07.17"]

1. d4 c6 2. c4 d5 3. Nf3 Nf6 4. e3 a6 5. Bd3 Bg4 6. Nbd2 Nbd7 7. Qc2 e6 8.
O-O Be7 9. b3 dxc4 10. bxc4 c5 11. Bb2 cxd4 12. exd4 Rc8 13. a4 a5 14. Bc3
O-O 15. Ne5 Bh5 16. Rab1 Nxe5 17. dxe5 Nd7 18. Bxh7+ Kh8 19. Be4 Nc5 20.
Bf3 Bg6 21. Ne4 Qc7 22. Rfe1 Nxe4 23. Bxe4 Qxc4 24. Bxg6 fxg6 25. Re3 Rf5
26. Qb3 Qxb3 27. Rxb3 Rc4 28. Rxb7 Bc5 29. Rh3+ Rh5 30. Rb8+ Kh7 31. Rd3
Bb4 32. Bb2 Rc2 33. g4 Rh4 34. g5 Rg4+ 35. Kf1 Rxg5 36. Rdd8 1-0

[Event "Najdorf Mem Open A"]
[Site "Warsaw POL"]
[Date "2010.07.23"]
[Round "7"]
[White "Bobula,M"]
[Black "Adamski,J"]
[Result "0-1"]
[WhiteElo "2387"]
[BlackElo "2287"]
[EventDate "2010.07.17"]

1. d4 Nf6 2. c4 e6 3. Nf3 Bb4+ 4. Bd2 Bxd2+ 5. Qxd2 O-O 6. Nc3 d6 7. g3 Nc6
8. Bg2 e5 9. O-O Bg4 10. d5 Nb8 11. Ne1 a5 12. Nd3 Qe7 13. e4 Na6 14. f4
Bd7 15. b3 c6 16. c5 Nxc5 17. Nxc5 dxc5 18. d6 Qd8 19. fxe5 Ng4 20. Qf4 g5
21. Qd2 Nxe5 22. Na4 b6 23. Rf2 f6 24. Raf1 h6 25. h4 Rb8 26. hxg5 hxg5 27.
Nb2 Kg7 28. Nc4 Nxc4 29. bxc4 Qe8 30. e5 Qxe5 31. Re1 Qd4 32. Re7+ Rf7 33.
Qe1 Rbf8 34. Re4 Qxd6 35. Rd2 Qc7 36. Bf3 Bf5 37. Re3 Rd8 38. Rxd8 Qxd8 39.
Bh5 Bg6 40. Bxg6 Kxg6 41. Re8 Qd4+ 42. Kg2 Qxc4 43. Rg8+ Rg7 44. Qe8+ Qf7
45. Qe4+ Kh6 46. Rd8 Rg8 47. Rd2 Re8 48. Qxc6 Re6 49. Qc8 Qe8 50. Qxe8 Rxe8
51. Rd6 Kg6 52. Rxb6 Re2+ 53. Kf3 Rxa2 54. Rc6 Ra3+ 55. Kf2 Rc3 56. Ra6 Kf5
57. Rxa5 Kg4 58. Ra4+ c4 59. Ra6 f5 60. Ra5 Rf3+ 61. Ke2 Kxg3 62. Rc5 c3
0-1

[Event "Najdorf Mem Open A"]
[Site "Warsaw POL"]
[Date "2010.07.23"]
[Round "7"]
[White "Fuchs,Ju"]
[Black "Beinoras,M"]
[Result "0-1"]
[WhiteElo "2232"]
[BlackElo "2386"]
[EventDate "2010.07.17"]

1. e4 e5 2. Bc4 Nf6 3. d3 c6 4. Nf3 d5 5. Bb3 a5 6. a3 a4 7. Ba2 Bd6 8. Nc3
dxe4 9. Ng5 O-O 10. Ncxe4 Nxe4 11. Nxe4 Na6 12. Qh5 Qd7 13. O-O Nc7 14. Re1
Be7 15. Qxe5 Nd5 16. Bxd5 cxd5 17. Nc3 Bf6 18. Qxd5 Qc7 19. Ne4 Be5 20. Qc5
Qb8 21. f4 Bxf4 22. Bxf4 Qxf4 23. Rf1 Qh6 24. Rae1 Ra6 25. Ng5 Qb6 26. Qxb6
Rxb6 27. Rb1 g6 28. Rf4 Bf5 29. Ne4 Rc8 30. Rf2 Bxe4 31. dxe4 Rc3 32. Re2
Rxa3 33. Kf2 Ra2 34. c3 Rb3 35. Ke3 a3 36. Kd3 axb2 37. Kc4 Rb6 38. Kc5
Rc6+ 39. Kb4 Rb6+ 40. Kc5 Rb3 41. Kc4 Raa3 42. Rexb2 Rxc3+ 43. Kd4 Rd3+ 44.
Ke5 Ra5+ 45. Kf4 h5 46. h4 f6 47. Rb5 Rxb5 48. Rxb5 Rd7 49. g4 hxg4 50.
Kxg4 Re7 51. Kf4 Kf7 52. Rb6 Kg7 53. Rb1 Rf7 54. Rb6 Kf8 55. Re6 Kg7 56.
Rb6 Rc7 57. Rb1 Kh6 58. Rb6 Rf7 59. Kg4 Kh7 60. Rb5 Kg7 61. Kf4 Kf8 62. Rb6
Ke8 63. e5 fxe5+ 64. Kxe5 Rh7 65. Rb4 Rc7 66. Rb6 Kf7 67. Kf4 Kg7 68. Kg5
Kh7 69. Rb5 Rg7 70. Rb6 Rd7 71. Rb5 Rc7 72. h5 gxh5 73. Kxh5 Kg8 74. Kg6
Kf8 75. Kf6 Ke8 76. Ke6 Kd8 77. Rb6 Kc8 78. Kd6 Rc1 79. Rb3 Rc6+ 80. Kd5
Kc7 81. Rb4 Rc1 82. Rb2 Kb8 83. Kd6 Rc6+ 84. Kd5 Kc7 85. Rb4 Rc2 86. Rb5 b6
87. Rb3 Kb7 88. Rb1 Rc6 89. Rb2 Rc1 90. Kd6 Rd1+ 91. Ke5 Rd8 92. Rb1 Rd3
93. Ke4 Rd2 94. Ke5 Rd7 95. Rb2 Rd3 96. Ke4 Rd6 97. Rb1 Rd2 98. Ke3 Rd6 99.
Ke4 Rc6 100. Kd5 Rc5+ 101. Kd6 Rh5 102. Rb2 b5 103. Rb4 Kb6 104. Rb1 Rh4
105. Rc1 b4 106. Rc8 Kb5 107. Kd5 Ka4 108. Ra8+ Kb3 109. Rb8 Kb2 110. Rc8
b3 111. Rb8 Kc2 112. Rc8+ Kb1 113. Rb8 b2 114. Rc8 Ka2 0-1

[Event "Najdorf Mem Open A"]
[Site "Warsaw POL"]
[Date "2010.07.23"]
[Round "7"]
[White "Grochulski,G"]
[Black "Zaninotto,F"]
[Result "1/2-1/2"]
[WhiteElo "2045"]
[BlackElo "2189"]
[EventDate "2010.07.17"]

1. e4 c5 2. Nf3 g6 3. d4 Bg7 4. dxc5 Qa5+ 5. c3 Qxc5 6. Na3 Nf6 7. Nb5 O-O
8. Be3 Qc6 9. Nfd4 Qb6 10. Nf5 Qd8 11. Nxg7 Kxg7 12. e5 Ng8 13. Nxa7 f6 14.
exf6+ Nxf6 15. Bc4 Nc6 16. Nxc8 Rxc8 17. f3 d5 18. Bb3 e5 19. O-O d4 20.
cxd4 exd4 21. Bg5 h6 22. Bh4 Qd6 23. Re1 Rfe8 24. Qd2 Nh5 25. Ba4 Nf4 26.
Bf2 d3 27. Bg3 Qd4+ 28. Kh1 Ne2 29. Bb5 Red8 30. Bxc6 Rxc6 31. Rxe2 dxe2
32. Qxd4+ Rxd4 33. Be5+ Kf7 34. Bxd4 Rd6 35. Re1 Rxd4 36. Kg1 Rd2 37. Kf2
Rxb2 38. Rxe2 Rb4 39. Kg3 Ra4 40. Rb2 b5 41. Rxb5 Rxa2 42. h4 h5 43. Rb6
Rc2 44. Kh3 Rc3 45. Rb2 Ra3 46. Kg3 Ra4 47. Re2 Rb4 48. Re4 Rb2 49. Kh2 Ra2
50. Kg1 Rb2 51. Kf1 Ra2 52. Re2 Ra4 53. g3 Ra3 54. Kf2 Rb3 55. Rd2 Ra3 56.
Ke2 Kf6 57. Rd3 Ra6 58. Ke3 Ke5 59. Rb3 Ra5 60. Rc3 Rb5 61. Ra3 Rc5 62. Ra6
Kf5 63. Rd6 Ra5 64. Rd4 Kf6 65. Rb4 Re5+ 66. Kd4 Re1 67. Rb6+ Kf5 68. Rb5+
Kf6 69. g4 hxg4 70. fxg4 Rh1 71. Rb6+ Kg7 72. Ke5 Re1+ 73. Kf4 Re7 74. Rb5
Ra7 75. Kg5 Rc7 76. Ra5 Rb7 77. h5 gxh5 78. Kxh5 Rc7 79. Ra6 Rc5+ 80. g5
Rc7 81. Rg6+ Kh7 82. Ra6 Kg7 83. Ra5 Rb7 84. g6 Rc7 85. Kg5 Rb7 86. Rf5 Ra7
1/2-1/2

[Event "Najdorf Mem Open A"]
[Site "Warsaw POL"]
[Date "2010.07.23"]
[Round "7"]
[White "Czarnota,D"]
[Black "Bernotas,A"]
[Result "1-0"]
[WhiteElo "2214"]
[BlackElo "2059"]
[EventDate "2010.07.17"]

1. e4 c5 2. Nf3 d6 3. d4 cxd4 4. Nxd4 Nf6 5. Nc3 g6 6. Be3 Bg7 7. f3 O-O 8.
Qd2 Nc6 9. Bc4 Bd7 10. O-O-O Rb8 11. Bb3 Na5 12. g4 b5 13. Bh6 Bxh6 14.
Qxh6 e5 15. Nf5 gxf5 16. gxf5 Nxb3+ 17. axb3 Kh8 18. Rhg1 Ne8 19. Qxf8+ 1-0

[Event "Najdorf Mem Open A"]
[Site "Warsaw POL"]
[Date "2010.07.23"]
[Round "7"]
[White "Krzyzanowski,M"]
[Black "Alvarado,C"]
[Result "1-0"]
[WhiteElo "2377"]
[BlackElo "2216"]
[EventDate "2010.07.17"]

1. e4 e5 2. Nf3 Nf6 3. Nc3 Bb4 4. Nxe5 O-O 5. Be2 Re8 6. Nd3 Bxc3 7. dxc3
Nxe4 8. O-O d6 9. Nf4 Nc6 10. Nd5 Be6 11. c4 a5 12. a4 Nc5 13. Ra3 Bf5 14.
Be3 Nb4 15. c3 Bc2 16. Qd2 Ne4 17. Qc1 Bd3 18. Bxd3 Nxd3 19. Qc2 Ndc5 20.
Raa1 c6 21. Nf4 Qb6 22. Rad1 Qb3 23. Qxb3 Nxb3 24. Nd3 Re7 25. h4 Ng3 26.
Rfe1 Nf5 27. Bf4 Rae8 28. Rxe7 Rxe7 29. Kf1 h5 30. f3 f6 31. g3 Kf7 32. Kf2
Re6 33. Rh1 Ne7 34. Nc1 Nc5 35. b3 d5 36. Be3 Nd7 37. Rd1 Ne5 38. cxd5 Nxd5
39. Bd4 Re7 40. c4 Nc7 41. Bb6 Ne6 42. Bxa5 g5 43. Bc3 gxh4 44. Bxe5 fxe5
45. gxh4 Nc5 46. a5 e4 47. b4 Na6 48. Na2 exf3 49. Kxf3 Ke8 50. b5 Rf7+ 51.
Ke3 cxb5 52. cxb5 Re7+ 53. Kf4 Nc7 54. Nc3 Rg7 55. Kf5 Rg3 56. Ne4 Rf3+ 57.
Ke5 Re3 58. a6 Nxa6 59. bxa6 bxa6 60. Ra1 Rh3 61. Nd6+ 1-0

[Event "Najdorf Mem Open A"]
[Site "Warsaw POL"]
[Date "2010.07.23"]
[Round "7"]
[White "Szewczak,And"]
[Black "Winski,L"]
[Result "1-0"]
[WhiteElo "1981"]
[BlackElo "2115"]
[EventDate "2010.07.17"]

1. e4 e6 2. d4 d5 3. Nd2 c5 4. dxc5 Bxc5 5. Nb3 Bb6 6. exd5 exd5 7. Nf3 Ne7
8. Bd3 Bg4 9. h3 Bh5 10. c3 Nbc6 11. g4 Bg6 12. Bxg6 Nxg6 13. Qe2+ Nce7 14.
Be3 O-O 15. O-O-O a5 16. h4 a4 17. Nbd4 Re8 18. a3 Nc8 19. h5 Nf8 20. Qc2
Nd6 21. Nf5 Ne4 22. N3d4 Qd7 23. f3 Nc5 24. g5 Bc7 25. Kb1 Ra6 26. Rhe1
Nce6 27. Bc1 Rb6 28. Be3 Ra6 29. Qf2 Rd8 30. Rg1 Nc5 31. Qc2 Be5 32. f4 Bc7
33. Nxg7 Kxg7 34. Nf5+ Kg8 35. Nh6+ Kh8 36. Bd4+ f6 37. gxf6 1-0

[Event "Najdorf Mem Open A"]
[Site "Warsaw POL"]
[Date "2010.07.23"]
[Round "7"]
[White "Zakoscielna,K"]
[Black "Hetzer,V"]
[Result "1-0"]
[WhiteElo "2040"]
[BlackElo "2063"]
[EventDate "2010.07.17"]

1. e4 e5 2. Nf3 Nc6 3. Bb5 a6 4. Ba4 Nf6 5. O-O Be7 6. Re1 b5 7. Bb3 d6 8.
c3 O-O 9. h3 Na5 10. Bc2 c5 11. d4 Nd7 12. Nbd2 exd4 13. cxd4 Nc6 14. Nf1
cxd4 15. Nxd4 Nxd4 16. Qxd4 Ne5 17. f4 Ng6 18. Qd3 Bb7 19. Ng3 Re8 20. Nf5
Bf8 21. Bd2 Rc8 22. a4 b4 23. a5 Qf6 24. Ba4 Red8 25. g3 d5 26. e5 Qe6 27.
Bb3 Qd7 28. Kh2 d4 29. e6 Qc6 30. exf7+ Kh8 31. Re2 Ba8 32. Rc1 Qb7 33. Bc4
Qd7 34. b3 Rc5 35. g4 Qc7 36. Kg3 Qc6 37. h4 h5 38. Rg1 hxg4 39. Re6 Qd7
40. Nxg7 Bxg7 41. Qxg6 Rf8 42. Bd3 1-0

[Event "Najdorf Mem Open A"]
[Site "Warsaw POL"]
[Date "2010.07.23"]
[Round "7"]
[White "Krasiewicz,R"]
[Black "Gluszko,M"]
[Result "1/2-1/2"]
[WhiteElo "2053"]
[BlackElo "2004"]
[EventDate "2010.07.17"]

1. d4 Nf6 2. g3 g6 3. Bg2 d5 4. Nf3 Bg7 5. O-O O-O 6. c4 dxc4 7. Na3 c3 8.
bxc3 c5 9. Bb2 Nc6 10. Re1 Qb6 11. Nc4 Qb5 12. Qb3 Qxb3 13. axb3 Rb8 14.
dxc5 Ne4 15. Nd4 Nxc5 16. Bxc6 bxc6 17. Rxa7 Bxd4 18. cxd4 Nxb3 19. Ne5 Rb7
20. Nxc6 Rxa7 21. Nxa7 Bd7 22. d5 f6 23. Rd1 Ra8 24. Rd3 Rxa7 25. Rxb3 Ra5
26. d6 Rb5 27. Rxb5 Bxb5 28. dxe7 Kf7 29. Ba3 Bxe2 30. f4 f5 31. Kf2 Bb5
32. Ke3 Be8 33. Kd4 Ke6 34. h3 h5 35. Kc4 Bd7 36. Bc5 Be8 1/2-1/2

[Event "Najdorf Mem Open A"]
[Site "Warsaw POL"]
[Date "2010.07.23"]
[Round "7"]
[White "Pazderski,Z"]
[Black "Goslawski,M"]
[Result "1/2-1/2"]
[WhiteElo "2246"]
[BlackElo "2018"]
[EventDate "2010.07.17"]

1. d4 e6 2. Nf3 Nf6 3. Bg5 c5 4. e3 Qb6 5. Qc1 Nc6 6. c3 d5 7. Nbd2 Bd7 8.
Bd3 Be7 9. O-O h6 10. Bxf6 gxf6 11. dxc5 Qxc5 12. e4 Ne5 13. Be2 Nxf3+ 14.
Bxf3 dxe4 15. Nxe4 Qc7 16. Re1 Bc6 17. Bh5 Kf8 18. Qe3 Qe5 19. Ng3 Qxe3 20.
Rxe3 f5 21. Rd3 Rg8 22. Bf3 Bxf3 23. Rxf3 Rd8 24. Nf1 Bc5 25. b4 Bb6 26. c4
Rg4 27. Rc1 Rgd4 28. Rfc3 Rd1 29. g3 Rxc1 30. Rxc1 Rd3 31. Rc2 Bd4 32. b5
Ke7 33. Nd2 Rc3 34. Rxc3 Bxc3 35. Nb3 Kd6 36. f3 a6 37. bxa6 bxa6 38. Kf2
h5 39. Ke3 Bg7 40. Kd3 Bf6 41. Ke3 Bg7 42. h3 Bh6+ 43. Kd3 Bg7 44. Na5 Bf6
45. a3 Bb2 46. a4 1/2-1/2

[Event "Najdorf Mem Open A"]
[Site "Warsaw POL"]
[Date "2010.07.23"]
[Round "7"]
[White "Suchocki,T"]
[Black "Lada,M"]
[Result "1/2-1/2"]
[WhiteElo "1978"]
[BlackElo "2159"]
[EventDate "2010.07.17"]

1. d4 e6 2. c4 f5 3. g3 Nf6 4. Bg2 c6 5. Nd2 d5 6. Nh3 Bd6 7. O-O O-O 8.
Qc2 Qe7 9. Nf3 Nbd7 10. Bf4 Bxf4 11. Nxf4 Ne4 12. Nd3 Nd6 13. Nfe5 Nxe5 14.
Nxe5 Bd7 15. e3 Be8 16. c5 Nf7 17. f4 Nxe5 18. dxe5 b6 19. Rfc1 Rb8 20.
Rab1 Rf7 21. b4 Qd8 22. Bf1 Rc7 23. Qc3 Bh5 24. Kf2 h6 25. Qd4 Qe7 26. Rb3
b5 27. Ra3 1/2-1/2

[Event "Najdorf Mem Open A"]
[Site "Warsaw POL"]
[Date "2010.07.23"]
[Round "7"]
[White "Zurkowski,A"]
[Black "Przezdziecka,M"]
[Result "1/2-1/2"]
[WhiteElo "2175"]
[BlackElo "2278"]
[EventDate "2010.07.17"]

1. d4 Nf6 2. g3 g6 3. Bg2 d5 4. Nd2 Bg7 5. Ngf3 O-O 6. O-O b6 7. Ne5 Bb7 8.
c3 Nbd7 9. Qc2 Nxe5 10. dxe5 Ng4 11. e6 f5 12. Nf3 Qc8 13. c4 c5 14. cxd5
Bxd5 15. Rd1 Be4 16. Qc4 Bxf3 17. exf3 Ne5 18. Qe2 Nc6 19. f4 Nd4 20. Qc4
b5 21. Qd3 Rb8 22. Be3 Qxe6 23. Rac1 Rbd8 24. Kh1 c4 25. Qd2 Rd6 26. Qa5 a6
27. a4 Bf6 28. Qc7 Rc8 29. Qb7 Rcd8 30. axb5 Nxb5 31. Rxd6 Qxd6 32. Bf1 Kg7
33. Bxc4 Bxb2 34. Rb1 Rb8 35. Qf3 Bf6 36. Rd1 Qc7 37. Qd5 Qb7 38. Qxb7 Rxb7
39. Rd8 Rc7 40. Rg8+ Kh6 41. Bf1 Bd4 42. Bxd4 1/2-1/2

[Event "Najdorf Mem Open A"]
[Site "Warsaw POL"]
[Date "2010.07.23"]
[Round "7"]
[White "Borowicz,P"]
[Black "Banasik,K"]
[Result "0-1"]
[WhiteElo "2001"]
[BlackElo "2250"]
[EventDate "2010.07.17"]

1. d4 e6 2. c4 Nf6 3. Nc3 Bb4 4. Qc2 O-O 5. a3 Bxc3+ 6. Qxc3 b6 7. Bg5 Bb7
8. Nf3 d6 9. e3 Nbd7 10. Bd3 Qe8 11. Bxf6 Nxf6 12. O-O Qe7 13. Rfe1 Rfe8
14. e4 e5 15. dxe5 dxe5 16. c5 Rad8 17. Rac1 c6 18. b4 b5 19. Bc2 Bc8 20.
Rcd1 Rxd1 21. Rxd1 Bg4 22. Rd6 Bxf3 23. Qxf3 Qc7 24. Qf5 Re7 25. Bb3 Ne8
26. Rd3 a5 27. h4 g6 28. Qg5 Kg7 29. h5 h6 30. Qd2 g5 31. bxa5 Nf6 32. Bc2
Nxh5 33. Rd6 Nf6 34. a4 bxa4 35. Qb4 Qb7 36. Qxa4 Qb2 37. a6 Ra7 38. Bd1
Qc3 39. Kf1 Nd7 40. Rxc6 Nxc5 41. Qb5 Rd7 42. Rxc5 Rxd1+ 43. Ke2 Re1+ 0-1

[Event "Najdorf Mem Open A"]
[Site "Warsaw POL"]
[Date "2010.07.23"]
[Round "7"]
[White "Wisniowska,K"]
[Black "Lewandowski,Ra"]
[Result "0-1"]
[WhiteElo "1999"]
[BlackElo "2240"]
[EventDate "2010.07.17"]

1. e4 c5 2. Nf3 e6 3. d4 cxd4 4. Nxd4 a6 5. Bd3 g6 6. O-O Bg7 7. Be3 Nc6 8.
c3 Nge7 9. Nd2 d5 10. Nxc6 bxc6 11. Nb3 O-O 12. Bc5 Re8 13. f4 a5 14. Nd4
f5 15. e5 g5 16. g3 Ng6 17. Qh5 Bf8 18. Bxf8 Rxf8 19. Rf2 c5 20. Nf3 gxf4
21. Ng5 Ra7 22. gxf4 Rg7 23. h4 c4 24. Bf1 Qb6 25. Kg2 Qe3 26. Rf3 Nxf4+
27. Kh1 Qxe5 0-1

[Event "Najdorf Mem Open A"]
[Site "Warsaw POL"]
[Date "2010.07.23"]
[Round "7"]
[White "Berczes,D"]
[Black "Kamieniecki,T"]
[Result "1-0"]
[WhiteElo "2551"]
[BlackElo "2016"]
[EventDate "2010.07.17"]

1. d4 Nf6 2. c4 g6 3. Nc3 Bg7 4. e4 d6 5. Bd3 O-O 6. Nge2 e5 7. d5 a5 8.
O-O Na6 9. Bc2 Bd7 10. f3 Ne8 11. Be3 f5 12. exf5 gxf5 13. f4 Nf6 14. h3
Nh5 15. Qd2 Qe7 16. Rad1 Rae8 17. fxe5 dxe5 18. d6 cxd6 19. Qxd6 Be6 20.
Qxe7 Rxe7 21. b3 Ref7 22. Bb1 f4 23. Bb6 f3 24. Rxf3 Rxf3 25. gxf3 Rxf3 26.
Be4 Rf7 27. Rd6 Nf4 28. Nxf4 exf4 29. Nb5 Rf6 30. Bd4 Rh6 31. Rxe6 Rxe6 32.
Bd5 1-0

[Event "Najdorf Mem Open A"]
[Site "Warsaw POL"]
[Date "2010.07.23"]
[Round "7"]
[White "Deszczynski,A"]
[Black "Skawinski,A"]
[Result "1-0"]
[WhiteElo "2352"]
[BlackElo "2233"]
[EventDate "2010.07.17"]

1. e4 e6 2. d4 d5 3. Nc3 Bb4 4. e5 c5 5. a3 Bxc3+ 6. bxc3 Qa5 7. Bd2 Qa4 8.
Nf3 Nc6 9. Bd3 c4 10. Be2 Bd7 11. Ng5 h6 12. Nh3 O-O-O 13. Nf4 Nge7 14. Nh5
Rdg8 15. O-O Kb8 16. Re1 Nc8 17. Bf1 Nb6 18. Re3 Ne7 19. Rg3 Nf5 20. Rf3
Be8 21. g4 Ne7 22. Rg3 Qc6 23. f4 Na4 24. Bh3 Bd7 25. Qf3 Ka8 26. f5 Nc8
27. Nf4 g6 28. Rf1 Ne7 29. fxe6 fxe6 30. g5 h5 31. Qd1 a5 32. Rg2 Ka7 33.
Qb1 Ka6 34. Nxe6 Rf8 35. Rgf2 Rxf2 36. Rxf2 Ka7 37. Rf6 Qc8 38. Qf1 1-0

[Event "Najdorf Mem Open A"]
[Site "Warsaw POL"]
[Date "2010.07.23"]
[Round "7"]
[White "Doluhanova,E"]
[Black "Kuciel,W"]
[Result "1-0"]
[WhiteElo "2312"]
[BlackElo "2088"]
[EventDate "2010.07.17"]

1. Nf3 Nf6 2. g3 c5 3. Bg2 Nc6 4. O-O d5 5. d3 e5 6. Nc3 Be7 7. Nd2 O-O 8.
e4 Be6 9. Ne2 Qd7 10. exd5 Nxd5 11. Nc4 Rfd8 12. Ne3 f5 13. f4 c4 14. dxc4
Nxe3 15. Qxd7 Rxd7 16. Bxe3 Bxc4 17. Bxc6 bxc6 18. Rfe1 Bf6 19. fxe5 Bxe5
20. c3 Rb8 21. b3 Bd3 22. Rac1 Be4 23. Kf2 a5 24. Red1 Rbd8 25. Rxd7 Rxd7
26. Bd4 Bd6 27. Rd1 Ba3 28. Rd2 Bb1 29. Rd1 Bc2 30. Rd2 Bb1 31. Rd1 Be4 32.
Rd2 Kf7 33. Ke1 c5 34. Be3 Rxd2 35. Bxd2 Bb1 36. Bc1 Bxc1 37. Nxc1 Ke6 38.
Kd2 Kd5 39. a3 g5 40. Ke3 Bc2 41. Kd2 Bb1 42. Ke3 Ke5 43. Nd3+ Kd5 44. b4
cxb4 45. cxb4 axb4 46. axb4 Kc4 47. Ne5+ Kxb4 48. Nf7 f4+ 49. Kd4 f3 50.
Ke3 g4 51. Nh6 Kc5 52. Nxg4 Kd6 53. Kxf3 Ke6 54. Kf4 Kf7 55. Kg5 Kg7 56.
Nh6 Bc2 57. Nf5+ Kh8 58. Kf6 Bb1 59. Ne7 Bc2 60. Nf5 Bb1 61. Nh6 Bc2 62. g4
Bb1 63. Kf7 Bc2 64. Kf8 Bg6 65. g5 1-0